Chauve, Souris ou les deux ? - Statistiques

Statistiques générales
  • Ce quiz a été pris 101 fois
    84 depuis la dernière actualisation
  • Le résultat moyen est 11 sur 15
Statistiques - réponses
Question Réponse % Correct
A une espérance de vie moyenne variant d'un à trois ans. Souris
92%
Possède un museau. Souris
89%
Jerry, dans le dessin animé "Tom et Jerry" peut être considéré parmi ces proposition... Souris
88%
Est un mammifère. Les deux
86%
Ne fait pas partie de la famille des muridés. Chauve
85%
Peut être utilisé dans la conjuguaison d'un verbe. Souris
85%
Désigne un objet. Souris
85%
Les "Pessi" que l'on trouve sur les réseaux sociaux sont généralement connus pour être... Chauve
82%
N'a pas de cheveux. Les deux
65%
A une étymologie d'origine latine. Les deux
64%
Peut mettre un coup de boule. Chauve
62%
On peut en apercevoir durant la préhistoire. Les deux
59%
Est une ville. Les deux
41%
Peut avoir subit de l'alopécie. Les deux
38%
Peut posséder des yeux naturellement noirs. Souris
30%
Aucun quiz correspondant
Distribution des résultats
% des personnes avec chaque résultat
Percentile par nombre de réponses
Votre historique - résultats
Vous n’avez pas pris ce quiz depuis la dernière actualisation